000 00850cam a2200205 i 4500
005 20260203122026.0
008 250721s2021 jo gr 000 0 ara d
020 _a9789923775462
082 1 4 _a371.33
_bز ي و
100 1 _aالزيود، نعمة
_eمؤلف.
245 1 0 _aموسوعة تكنولوجيا التعليم في المدارس الاردنية :
_cالباحثة الخبيرة الاستاذة نعمة الزيود.
_bمعلم صف وفعالية التحصيل الدراسي /
250 _aالطبعة الأولى.
264 3 1 _aعمان :
_bدار ابن بطوطة للنشر والتوزيع،
_c2021.
300 _a206 صفحة.
650 1 7 _aالتدريس.
650 1 7 _aاساليب التدريس.
650 1 7 _aتكنولوجيا التعليم.
942 _2ddc
_cBK
999 _c142835
_d142835